<?xml version="1.0" encoding="UTF-8"?>
<record
    xmlns:xsi="http://www.w3.org/2001/XMLSchema-instance"
    xsi:schemaLocation="http://www.loc.gov/MARC21/slim http://www.loc.gov/standards/marcxml/schema/MARC21slim.xsd"
    xmlns="http://www.loc.gov/MARC21/slim">

  <leader>00782nam a22001577a 4500</leader>
  <controlfield tag="003">LRUA</controlfield>
  <controlfield tag="005">20191218143146.0</controlfield>
  <controlfield tag="008">191218b        xxu||||| |||| 00| 0 eng d</controlfield>
  <datafield tag="040" ind1=" " ind2=" ">
    <subfield code="c">RUA</subfield>
  </datafield>
  <datafield tag="082" ind1=" " ind2=" ">
    <subfield code="a">AVM SRE 2018 B654 Or.1 </subfield>
  </datafield>
  <datafield tag="100" ind1=" " ind2=" ">
    <subfield code="9">14066</subfield>
    <subfield code="a">SRENG SOPHAMEY &#x179F;&#x17D2;&#x179A;&#x17C1;&#x1784; &#x179F;&#x17BB;&#x1795;&#x17B6;&#x1793;&#x17CB;&#x1798;&#x17BB;&#x17B8;</subfield>
  </datafield>
  <datafield tag="245" ind1=" " ind2=" ">
    <subfield code="a">antimicrobial resistance of salmaonella from pork at siem reap's slaughterhouse &#x1797;&#x17B6;&#x1796;&#x179F;&#x17BB;&#x17B6;&#x17C6;&#x1793;&#x17C3;&#x1794;&#x17B6;&#x1780;&#x17CB;&#x178F;&#x17C1;&#x179A;&#x17B8;&#x179F;&#x17B6;&#x179B;&#x17CB;&#x1798;&#x17C9;&#x178E;&#x17C1;&#x17A1;&#x17B6;&#x1791;&#x179B;&#x17CB;&#x1793;&#x17BA;&#x1784;&#x17AA;&#x179F;&#x1790;&#x17A2;&#x1784;&#x17CB;&#x1791;&#x17B8;&#x1794;&#x17D2;&#x1799;&#x17BC;&#x1791;&#x17B7;&#x1785;&#x179B;&#x17BE;&#x1795;&#x17D2;&#x1791;&#x17B6;&#x17C6;&#x1784;&#x179F;&#x17B6;&#x1785;&#x17CB;&#x1787;&#x17D2;&#x179A;&#x17BC;&#x1780;&#x1793;&#x17C5;&#x1791;&#x17B8;&#x179F;&#x178F;&#x17D2;&#x178F;&#x1783;&#x17B6;&#x178F;&#x178A;&#x17D2;&#x178B;&#x17B6;&#x1793;&#x1780;&#x17D2;&#x1793;&#x17BB;&#x1784;&#x1781;&#x17C1;&#x178F;&#x17D2;&#x178F;&#x179F;&#x17C0;&#x1798;&#x179A;&#x17B6;&#x1798;</subfield>
  </datafield>
  <datafield tag="260" ind1=" " ind2=" ">
    <subfield code="a">RUA</subfield>
    <subfield code="b">Phnom penh</subfield>
    <subfield code="c">2018</subfield>
  </datafield>
  <datafield tag="300" ind1=" " ind2=" ">
    <subfield code="a">ix;38p</subfield>
    <subfield code="b">ill;</subfield>
    <subfield code="c">29cm</subfield>
  </datafield>
  <datafield tag="942" ind1=" " ind2=" ">
    <subfield code="2">ddc</subfield>
    <subfield code="c">AVM</subfield>
  </datafield>
  <datafield tag="999" ind1=" " ind2=" ">
    <subfield code="c">18554</subfield>
    <subfield code="d">18554</subfield>
  </datafield>
  <datafield tag="952" ind1=" " ind2=" ">
    <subfield code="0">0</subfield>
    <subfield code="1">0</subfield>
    <subfield code="2">ddc</subfield>
    <subfield code="4">0</subfield>
    <subfield code="6">AVM_SRE_2018_000000000000000_B654_OR_1</subfield>
    <subfield code="7">0</subfield>
    <subfield code="9">82787</subfield>
    <subfield code="a">LBB</subfield>
    <subfield code="b">LBB</subfield>
    <subfield code="c">B654</subfield>
    <subfield code="d">2019-12-18</subfield>
    <subfield code="l">15</subfield>
    <subfield code="o">AVM SRE 2018 B654 Or.1</subfield>
    <subfield code="p">A42177</subfield>
    <subfield code="r">2022-10-25</subfield>
    <subfield code="s">2022-10-10</subfield>
    <subfield code="w">2019-12-18</subfield>
    <subfield code="y">AVM</subfield>
  </datafield>
  <datafield tag="952" ind1=" " ind2=" ">
    <subfield code="0">0</subfield>
    <subfield code="1">0</subfield>
    <subfield code="2">ddc</subfield>
    <subfield code="4">0</subfield>
    <subfield code="6">AVM_SRE_2018_000000000000000_B654_OR__2</subfield>
    <subfield code="7">0</subfield>
    <subfield code="9">82788</subfield>
    <subfield code="a">LBB</subfield>
    <subfield code="b">LBB</subfield>
    <subfield code="c">B654</subfield>
    <subfield code="d">2019-12-18</subfield>
    <subfield code="l">7</subfield>
    <subfield code="o">AVM SRE 2018 B654 Or. 2</subfield>
    <subfield code="p">A43971</subfield>
    <subfield code="r">2022-10-31</subfield>
    <subfield code="s">2022-10-11</subfield>
    <subfield code="w">2019-12-18</subfield>
    <subfield code="y">AVM</subfield>
  </datafield>
  <datafield tag="952" ind1=" " ind2=" ">
    <subfield code="0">0</subfield>
    <subfield code="1">0</subfield>
    <subfield code="2">ddc</subfield>
    <subfield code="4">0</subfield>
    <subfield code="6">AVM_SRE_2018_000000000000000_B654_OR_3</subfield>
    <subfield code="7">0</subfield>
    <subfield code="9">82789</subfield>
    <subfield code="a">LBB</subfield>
    <subfield code="b">LBB</subfield>
    <subfield code="c">B654</subfield>
    <subfield code="d">2019-12-18</subfield>
    <subfield code="l">13</subfield>
    <subfield code="o">AVM SRE 2018 B654 Or.3</subfield>
    <subfield code="p">A42202</subfield>
    <subfield code="r">2022-10-21</subfield>
    <subfield code="s">2022-08-23</subfield>
    <subfield code="w">2019-12-18</subfield>
    <subfield code="y">AVM</subfield>
  </datafield>
  <datafield tag="952" ind1=" " ind2=" ">
    <subfield code="0">0</subfield>
    <subfield code="1">0</subfield>
    <subfield code="2">ddc</subfield>
    <subfield code="4">0</subfield>
    <subfield code="6">AVM_SRE_2018_000000000000000_B654_OR_4</subfield>
    <subfield code="7">0</subfield>
    <subfield code="9">82790</subfield>
    <subfield code="a">LBB</subfield>
    <subfield code="b">LBB</subfield>
    <subfield code="c">B654</subfield>
    <subfield code="d">2019-12-18</subfield>
    <subfield code="l">3</subfield>
    <subfield code="o">AVM SRE 2018 B654 Or.4</subfield>
    <subfield code="p">A42531</subfield>
    <subfield code="r">2022-07-25</subfield>
    <subfield code="s">2022-07-15</subfield>
    <subfield code="w">2019-12-18</subfield>
    <subfield code="y">AVM</subfield>
  </datafield>
  <datafield tag="952" ind1=" " ind2=" ">
    <subfield code="0">0</subfield>
    <subfield code="1">0</subfield>
    <subfield code="2">ddc</subfield>
    <subfield code="4">0</subfield>
    <subfield code="6">AVM_SRE_2018_000000000000000_B654_OR_5</subfield>
    <subfield code="7">0</subfield>
    <subfield code="9">82791</subfield>
    <subfield code="a">LBB</subfield>
    <subfield code="b">LBB</subfield>
    <subfield code="c">B654</subfield>
    <subfield code="d">2019-12-18</subfield>
    <subfield code="l">9</subfield>
    <subfield code="o">AVM SRE 2018 B654 Or.5</subfield>
    <subfield code="p">A42501</subfield>
    <subfield code="r">2024-01-10</subfield>
    <subfield code="s">2023-12-22</subfield>
    <subfield code="w">2019-12-18</subfield>
    <subfield code="y">AVM</subfield>
  </datafield>
  <datafield tag="952" ind1=" " ind2=" ">
    <subfield code="0">0</subfield>
    <subfield code="1">0</subfield>
    <subfield code="2">ddc</subfield>
    <subfield code="4">0</subfield>
    <subfield code="6">AVM_SRE_2018_000000000000000_B654_OR_1</subfield>
    <subfield code="7">0</subfield>
    <subfield code="9">82792</subfield>
    <subfield code="a">LBB</subfield>
    <subfield code="b">LBB</subfield>
    <subfield code="c">B654</subfield>
    <subfield code="d">2019-12-18</subfield>
    <subfield code="o">AVM SRE 2018 B654 Or.1</subfield>
    <subfield code="r">2019-12-18</subfield>
    <subfield code="w">2019-12-18</subfield>
    <subfield code="y">AVM</subfield>
  </datafield>
</record>
